Online Catalogue and eLibrary

Bukidnon : (Record no. 243)

MARC details
000 -LEADER
fixed length control field 00758cam a2200229 i 4500
001 - CONTROL NUMBER
control field 3615385
005 - DATE AND TIME OF LATEST TRANSACTION
control field 20240130052314.0
008 - FIXED-LENGTH DATA ELEMENTS--GENERAL INFORMATION
fixed length control field 800304s1973 ph b b 000 0 eng
040 ## - CATALOGING SOURCE (பட்டியலாக்க மூலம்)
Original cataloging agency DLC
Transcribing agency DLC
Modifying agency DLC
-- WaU
082 00 - DDC Classification
Class No. 306
DDC Edition Number 22
245 00 - TITLE STATEMENT
Title Bukidnon :
Remainder of title politics and religion /
Statement of responsibility, etc. edited by Alfonso de Guzman II, Esther M. Pacheco.
260 ## - PUBLICATION, DISTRIBUTION, ETC.
Place of publication, distribution, etc. Quezon City :
Name of publisher, distributor, etc. Published for the Institute of Philippine Culture by the Ateneo de Manila,
Date of publication, distribution, etc. 1973.
300 ## - PHYSICAL DESCRIPTION
Extent (e.g. Volumes, Pages etc.) xvi, 114 p. :
490 1# - SERIES STATEMENT
Series statement IPC papers ;
650 #0 - SUBJECT ADDED ENTRY--TOPICAL TERM
Topical term or geographic name entry element Bukidnon (Philippine people)
700 1# - ADDED ENTRY--PERSONAL NAME
Personal name Guzman, Alfonso de.
Relator term (Role) Editor
700 1# - ADDED ENTRY--PERSONAL NAME
Personal name Pacheco, Esther M.
Relator term (Role) Editor
700 12 - ADDED ENTRY--PERSONAL NAME
Personal name Cullen, Vincent G.
Relator term (Role) Editor
700 12 - ADDED ENTRY--PERSONAL NAME
Personal name Biernatzki, William E.
Relator term (Role) Editor
700 12 - ADDED ENTRY--PERSONAL NAME
Personal name Claver, Francisco F.
Relator term (Role) Editor
942 ## - Koha item type (Biblio)
Koha item type Books in Stacks (Lending)
Holdings
Lost status Damaged status Collection code Home library Current library Date acquired Full call number Accession Number Item type
    Lending WERC Library WERC Library 01/30/2024 306 326 Books in Stacks (Lending)

© WERC Library